00680nam a2200217Ia 4500003000400000005001700004008004100021022001800062040000700080041000800087082001600095100003400111245003900145260004800184300000900232650002200241700003100263942001300294999001900307952013600326OSt20250805143907.0250729s2005 xx 000 0 und d 281-7141-811-2 cAL aeng a301.07 REDM aReddy L Venkateshwara9220910 aMethods of eaching rural sociology aNew DelhibDiscovery Publishing Housec2005 a347p aSociology9220911 aNarayana M Lakshmi9220912 2ddccBED c234780d234780 001040708BEDaALbALd2025-07-29eSita Book Houseg190.00l0o301.07 REDMpBED00099r2025-07-29 16:53:27v190.00w2025-07-29yBK